| 000 | 01796nam a2200457 i 4500 | ||
|---|---|---|---|
| 001 | 194876 | ||
| 003 | SpMaBN | ||
| 005 | 20250716034715.0 | ||
| 007 | ta | ||
| 008 | 240521s1929 sp | |||| 000 j spa | ||
| 035 | _a(OCoLC)733885600 | ||
| 035 | _aa4706981 | ||
| 040 |
_aSpMaBN _bspa _cSpMaBN _erdc _dES-MaACL |
||
| 080 | _a821.133.1-32"18" | ||
| 080 | _a929 Nerval, Gérard de (0:82) | ||
| 100 | 0 |
_aNerval, Gérard de, _d1808-1855 _0XX997475 _985401 |
|
| 245 | 1 | 3 |
_aLa mano encantada : _b(novela completa) / _cpor Gerardo de Nerval. |
| 260 |
_aMadrid : _bRevista literaria "Novelas y cuentos", _c1929. |
||
| 300 |
_a31 p. ; _c29 cm |
||
| 336 |
_2rdacontent _atexto |
||
| 337 |
_2rdamedia _asin mediación |
||
| 338 |
_2rdacarrier _avolumen |
||
| 490 | 1 |
_aRevista literaria "Novelas y cuentos" ; _vaño 1, n. 38 |
|
| 505 | 0 | _aLa mano encantada ; Silvia ; Aurelia | |
| 655 | 0 |
_aNovelas fantásticas _2tgfbne _9236495 |
|
| 655 | 7 |
_aNovelas autobiográficas _2tgfbne _9175819 |
|
| 655 | 7 |
_aNovelas cortas _2tgfbne _9234959 |
|
| 700 | 1 | 2 |
_aNerval, Gérard de, _d1808-1855. _tLa main de gloire _9236499 |
| 700 | 2 |
_aNerval, Gérard de, _d1808-1855. _tSylvie _9236500 |
|
| 700 | 1 | 2 |
_aNerval, Gérard de, _d1808-1855. _tAurèlia _9236501 |
| 740 | 0 | 2 | _aSilvia |
| 740 | 0 | 2 | _aAurelia |
| 773 |
_0194867 _9202503 _gG-15982 _aObras encuadernadas juntas |
||
| 830 | 0 |
_aRevista literaria "Novelas y cuentos" _vaño 1, n. 38 _9236217 |
|
| 852 |
_aES-MaACL _cDEPO2 _jG-15982(2) _hLegado: Juan Antonio Porto _xEncuadernado con otras obras formando un volumen facticio _9202503 |
||
| 903 |
_993285 _aPorto, Juan Antonio, _q1 _d1937-2021 _ednr |
||
| 942 |
_n0 _cFOLLETOS |
||
| 999 |
_c194876 _d194876 |
||